000 01005nam a2200289 c 4500
003 BLK
005 20180420223100.0
008 180408b bul|||||r ||||||| ||bul||
010 _aKNG00066259000
040 _aBLK
041 _aFRE
_cFRE
080 _aСистематична (специална) зоология. Вж и 562/569; 57.06
_b592/599
_x(03)
_z592/599(03)
100 1 _aBurton, Maurice
_eпърви автор
_9259566
700 1 _aBurton, Robert
_eсъавт.
_9259567
700 1 _aSchauenberg, Paul
_ered.
_923459
139 _aBurton, Maurice et al.
_bB 96
245 1 0 _aGrand dictionnaire des animaux
_bT. 1 -
_cMaurice Burton; съавт. Robert Burton; red. Paul Schauenberg.
_n1
_pAbeille - Ascidies
260 Geneve
_bBordas
_c1972 -
300 _c28 см
380 _a5
760 1 _aBurton, Maurice
_h209 с., 28 см
_t1 Abeille - Ascidies
852 _aЦб ІІ 5682
856 4 _qpdf
_u
856 4 _qpdf
_u
942 _cKNG
_n0
944 _aCR
_c13.06.2004
_kКети_Илиева
944 _aED
_c14.01.2005
_k
999 _c62051
_d62051